Word Ladder: Beatles' Physician? Quiz Stats

 Plays Quiz Updated Mar 24, 2016

Challenge
Share
Tweet
Embed
Score 0/11 Timer 01:00
1 Play Today
☤ HINT ☤ ☤ 4-LETTER WORD ☤ % Correct
☤ SITTING ON THE ____ OF THE BAY ☤☤ DOCK ☤
92.7%
Mr. Clark, Cheney, or CavettDICK
91.1%
Lisa and Maggie's brotherBART
90.1%
Pirelli, Yokohama, or GoodyearTIRE
89.6%
☤ ERNIE'S SESAME STREET PARTNER ☤☤ BERT ☤
87.3%
Fruit filled pastryTART
85.7%
Ripped, like paperTORE
84.2%
Like Mark Knopflers StraitsDIRE
79.6%
Tumbling ____DICE
75.7%
☤ EL MATADOR'S OPPONENT ☤☤ TORO ☤
70.7%
Poi source plantTARO
63.1%

Today's Daily Dose

You're not logged in!

Compare scores with friends on all Sporcle quizzes.
Join for Free
OR
Log In

You Might Also Like...

Show Comments

Extras

Top Quizzes Today


Score Distribution

Your Account Isn't Verified!

In order to create a playlist on Sporcle, you need to verify the email address you used during registration. Go to your Sporcle Settings to finish the process.

Report this User

Report this user for behavior that violates our Community Guidelines.

Details: